Bisous bisous bisous - Statistiques

Statistiques générales
  • Ce quiz a été pris 88 fois
  • Le résultat moyen est 8 sur 20
Statistiques - réponses
Questions Réponses % Correct
Baiser langoureux avec la langue French kiss
75%
Distribuée au nombre de 1, 2, 3 ou 4 selon les régions Bise
74%
Empreinte d’un baiser qui a un peu trop duré Suçon
74%
Terme anglais désignant un bisou furtif sur la bouche Smack
72%
Groupe américain de hard rock célèbre pour son maquillage noir et blanc Kiss
71%
Technique de secourisme visant à maintenir une respiration artificielle Bouche à bouche
69%
Geste de galanterie d’un homme pour présenter ses hommages à une femme Baisemain
60%
Il est osé et sur ses lèvres déposé pour Souchon Le baiser
56%
Verbe précédant la galoche, la pelle, le palot ou encore le patin pour dire en argot embrasser Rouler
49%
4 lettres pour terminer son SMS par un bisou XOXO
47%
Les amoureux de Brassens le font (ils se …) Bécotent
35%
Carlos en demande un aussi en forme que lui Big bisou
34%
Peintre autrichien d’un baiser très célèbre Klimt
28%
Frottement des bouts de nez Bisou esquimau
22%
Quand Dalida réclame d’être embrassée à l’espagnol Besame mucho
18%
Double syllabe exprimant un petit bisou de manière enfantine ou quelque chose de trognon Mimi
18%
Sitcom AB des années 90 réunissant Justine et Annette Premiers baisers
15%
Hormone libérée lors du rapprochement qui conduira à l’attachement Ocytocine
13%
Bisou upside down pourrait-on dire Spiderman kiss
4%
Caresse donnée en battant des cils Baiser papillon
3%
Aucun quiz correspondant
Distribution des résultats
% des personnes avec chaque résultat
Percentile par nombre de réponses
Votre historique - résultats
Vous n’avez pas pris ce quiz